00369nam a22001337a 450000500170000000800410001704100120005808200120007010000120008224500310009426000540012530000310017965000250021020240805144308.0240805b |||||||| |||| 00| 0 eng d aEnglish a349 SOU lEnglish aSouth African Law Reports  aJohannesburg: bDigma Publications, c1917 - 1920 bviii, 160 pages; c25 cm.  aLegal practice bLaw